Регионална библиотека "Любен Каравелов" - Русе

Паяжина от лъжи (Запис номер 89436)

MARC детайли
000 -Лидер
Контролно поле с фиксирана дължина 01275nam a2200337 c 4500
003 - Код на организацията, давaща контролен номер
Контролно поле BLK
005 - Дата и час на последна редакция
Контролно поле 20250729094327.0
008 - Елементи от данни с фиксирана дължина
fixed length control field 180408b bul|||||r ||||||| ||bul||
010 ## - Наследен системен номер
LC control number KNG00094136000
020 ## - Международен стандартен номер на книга ISBN
Международен стандартен номер на книга ISBN 978-954-17-0261-1
-- издат.: Калпазанов
040 ## - Източник на каталожния запис
Идентификатор на билиотеката - собственик на записа BLK
041 ## - Код за език
Код за езика на текст/звукозапис или на отделно заглавие Български
Код за езика КДБФ Български
080 ## - УДК
Текстов определител УДК Английска литература
УДК код - определител по УДК 821.111
УДК определител -31
УДК - код + определител 821.111-31
100 1# - Редна дума - Автор
Автор Адлър, Елизабет
Авторска отговорност първи автор
R(LIN) 364396
139 ## - Редно поле
Редна дума Адлър, Елизабет
Авторски знак Адл - А 31
245 10 - Сведения за заглавието
Заглавие Паяжина от лъжи
Подзаглавни данни Роман
Редно поле (дума) Елизабет Адлър; прев. Силвия Вангелова.
257 ## - Страна на издаване
Страна на създаване/издаване Великобритания
260 ## - Област на издателските данни
-- София
Име на издателя, разпространителя и проч. Калпазанов
Година на издаване 2009
300 ## - Физическа характеристика
Страници 304 с.
Размери/Мащаб 20 см
380 ## - Жанр
Жанр Худож. лит.
490 1# - СЕРИИ (Колекции)
Име на серия Колекция Елизабет Адлър
500 ## - Общи забележки
Забележка Ориг. загл. One of Those Malibu Nights / Elizabeth Adler. - Офс. изд.
653 ## - Ключова дума – ненормативна
Ключова дума романи
700 1# - Други автори (авторска отговорност)
Лично име Вангелова, Силвия
Автороска отговорност (Описва отношението между автора и произведението) прев.
9 (RLIN) 367883
852 ## - Местоположение
Форматна сигнатура Цб 247026
856 4# - Електронен адрес и достъп
Електронен формат pdf - файл
Път до файла /url/
856 4# - Електронен адрес и достъп
Електронен формат pdf - файл
Път до файла /url/
942 ## - АРТИКУЛИ
Вид на библиотечния материал Книги
Скрит в OPAC Не
Koha issues (borrowed), all copies 123
944 ## - СЪЗДАВАНЕ И РЕДАКЦИЯ на ЗАПИСА
Създаване/Редакция Създаване
Дата на регистрацията/редакция 08.02.2010
Статус, дата на статуса Теодора Пейчева-Дянкова
Служител, извършил регистрацията/редакцията 30556
944 ## - СЪЗДАВАНЕ И РЕДАКЦИЯ на ЗАПИСА
Създаване/Редакция Редакция
Дата на регистрацията/редакция 10.02.2016
Статус, дата на статуса ф /
Служител, извършил регистрацията/редакцията Людмила_Стоянова
999 ## - СИСТЕМНИ КОНТРОЛНИ НОМЕРА
Koha biblionumber 89436
Koha biblioitemnumber 89436
Наличности
Код за отписване Код за изгубен артикул Източник на класификационната схема Код за повреда Коз за рестрикции Код за отдаване Артикулен № Име на библиотеката - собственик Име на библиотеката, в която се намира в момента Статус (Текущо местоположение) Дата на вписване в системата Местоположение - отдел Цена в лева Инвентарен номер Систематично азбучна сигнатура Баркод Номер на екземпляра Цена в евро Служебна бележка Служебен тип на артикула
Изтеглен Не е изгубен Universal Decimal Classification Не е повреден без рестрикции заемане за дома 144793 Регионална библиотека "Любен Каравелов" Русе Регионална библиотека "Любен Каравелов" Русе Заемна - подръчен фонд 2010-02-08 Заемна - подръчен фонд 12.00 120000741949 П 820-31/А 31 120000741949 1 6.14 Дост: Pk Вид: Ф N: 363 Дата: 08.02.2010 Книги
  Не е изгубен Universal Decimal Classification Не е повреден без рестрикции заемане за дома 144794 Регионална библиотека "Любен Каравелов" Русе Регионална библиотека "Любен Каравелов" Русе Заемна - подръчен фонд 2010-02-08 Заемна - подръчен фонд 12.00 120000741950 П 820-31/А 31 120000741950 2 6.14 Дост: Pk Вид: Ф N: 363 Дата: 08.02.2010 Дата инв: 20.02.2018 Бележки инв: П2018 Книги
Изтеглен Не е изгубен Universal Decimal Classification Не е повреден без рестрикции заемане за дома 144795 Регионална библиотека "Любен Каравелов" Русе Регионална библиотека "Любен Каравелов" Русе Заемна - подръчен фонд 2010-02-08 Заемна - подръчен фонд 12.00 120000741951 П 820-31/А 31 120000741951 3 6.14 Дост: Pk Вид: Ф N: 363 Дата: 08.02.2010 Книги
  Не е изгубен Universal Decimal Classification Не е повреден без рестрикции заемане за дома 144796 Регионална библиотека "Любен Каравелов" Русе Регионална библиотека "Любен Каравелов" Русе Заемна - подръчен фонд 2013-02-07 Заемна - подръчен фонд 12.00 120000763746 П 821-31/А 31 120000763746 4 6.14 Дост: DA Вид: А N: 1 Дата: 07.02.2013 Дата инв: 14.02.2018 Бележки инв: П2018 Книги
  Не е изгубен   Не е повреден без рестрикции ползва се в читалня 144797 Регионална библиотека "Любен Каравелов" Русе Регионална библиотека "Любен Каравелов" Русе Хранилище 2013-02-07 Основен фонд - ползва се само за читалня 12.00 120000763747 Цб 247026 120000763747 5 6.14 Дост: DA Вид: А N: 1 Дата: 07.02.2013 Книги
  Не е изгубен Universal Decimal Classification Не е повреден без рестрикции заемане за дома 144798 Регионална библиотека "Любен Каравелов" Русе Регионална библиотека "Любен Каравелов" Русе Заемна - подръчен фонд 2015-12-28 Заемна - подръчен фонд 12.00 120000796445 П 820-31/А 31 120000796445 6 6.14 Дост: DA Вид: А N: 27 Дата: 28.12.2015 Дата инв: 14.02.2018 Бележки инв: П2018 Книги
Vip Innovations Ltd, Rousse, Bulgaria 2025